000 00843pam a2200253 a 4500
001 4505993
005 20180104044926.0
008 980309s1998 nyua b 001 0 eng
010 _a 98016293
020 _a0415912598 (hardcover)
020 _a0415912601 (pbk.)
040 _aDLC
_cDLC
_dDLC
041 _aeng
043 _as-bl---
080 _a306.6781082908996 BUR
082 0 0 _a306.6781082908996 BUR
_221
100 1 _a49
101 _aSOC
245 1 0 _aBlessed Anastácia :
_cJohn Burdick.
504 _aIncludes bibliographical references (p. [223]-240) and index.
906 _a7
_bcbc
_corignew
_d1
_eocip
_f19
_gy-gencatlg
942 _2ddc
_cBK
999 _c39695
_d39695